PHARMACEUTICS -1 GENERAL AND DISPENSING PHARMACY FOR B.PHARMA STUDENT (Record no. 6118)

MARC details
000 -LEADER
fixed length control field 00505nam a22001817a 4500
005 - DATE AND TIME OF LATEST TRANSACTION
control field 20200317104326.0
008 - FIXED-LENGTH DATA ELEMENTS--GENERAL INFORMATION
fixed length control field 200317b xxu||||| |||| 00| 0 eng d
020 ## - INTERNATIONAL STANDARD BOOK NUMBER
ISBN 9788123916354
041 ## - LANGUAGE CODE
Language code of text/sound track or separate title eng
082 ## - DEWEY DECIMAL CLASSIFICATION NUMBER
Classification number 615.1
100 ## - MAIN ENTRY--AUTHOR NAME
Personal name GUPTA ,ASHOK ,K
245 ## - TITLE STATEMENT
Title PHARMACEUTICS -1 GENERAL AND DISPENSING PHARMACY FOR B.PHARMA STUDENT
Statement of responsibility, etc ASHOK K GUPTA
250 ## - EDITION STATEMENT
Edition statement 1 'ST
260 ## - PUBLICATION, DISTRIBUTION, ETC. (IMPRINT)
Place of publication NEW DELHI
Name of publisher CBS PUBLISHERS AND DISTRIBUTORS
Year of publication 2019
300 ## - PHYSICAL DESCRIPTION
Number of Pages 310 P.
650 ## - SUBJECT ADDED ENTRY--TOPICAL TERM
Topical Term PHARMCY
942 ## - ADDED ENTRY ELEMENTS (KOHA)
Koha item type Books
Holdings
Lost status Damaged status Collection code Home library Current library Shelving location Date acquired Source of acquisition Cost, normal purchase price Full call number Accession Number Koha item type
    PHARMACY JRU Library JRU Library SHELF - 18 - H 17/03/2020 PURCHASE 295.00 615.1 23746 Books
    PHARMACY JRU Library JRU Library Shelf - 23- C 17/03/2020 PURCHASE 295.00 615.1 23747 Books
    PHARMACY JRU Library JRU Library SHELF - 18 - H 17/03/2020 PURCHASE 295.00 615.1 23748 Books
    PHARMACY JRU Library JRU Library Shelf - 23- B 17/03/2020 PURCHASE 295.00 615.1 23749 Books
    Reference JRU Library JRU Library SHELF-4-C 17/03/2020 PURCHASE 295.00 615.1 23750 Books